000 00294nam a22001337a 4500
008 210302b ||||| |||| 00| 0 eng d
020 _a9780821913604
041 _aeng
080 _a82
100 _a22
101 _aGJL
245 _aLiterature and the Language Arts
_cEMC
942 _2udc
_cBK
999 _c55465
_d55465